| 000 | 00531nam a2200193Ia 4500 | ||
|---|---|---|---|
| 003 | LDD | ||
| 008 | 181029s9999 xx 000 0 und d | ||
| 020 | _c495.00 | ||
| 040 | _cLDD | ||
| 100 | _aKumar, Rakesh | ||
| 245 | 0 |
_aMunicipal water and wastewater treatment _cRakesh Kumar |
|
| 260 |
_aNew Delhi _bCapital _c2006 |
||
| 300 | _axv, 249p. | ||
| 365 | _b495.00 | ||
| 901 |
_a3774 _b01-02-2007 |
||
| 902 |
_a11529 _b09-02-2007 _cF _dGBH _e62 |
||
| 903 |
_aDiscount-10 _bReqst by : Vyas, |
||
| 942 |
_2ddc _cBK |
||
| 999 |
_c77839 _d77839 |
||